ABC's Disney Characters - Statistics

General Stats
  • This quiz has been taken 122 times
  • The average score is 16 of 25
Answer Stats
Letter Movie Character % Correct
B Jungle Book Baloo
92%
E Frozen Elsa
91%
D Finding Nemo Dory
90%
S Lilo and... Stitch
83%
W Peter Pan Wendy
80%
G Snow White Grumpy
77%
M Brave Merida
77%
U The Little Mermaid Ursula
77%
A Aladdin Abu
75%
H Hercules Hades
73%
O ... and Company Oliver
71%
F Tangled Flynn Rider
69%
P 101 Dalmatians Pongo
68%
Z The Lion King Zazu
66%
Q Hunchback of Notre Dame Quasimodo
64%
N Princess and the Frog Naveen
61%
R Winnie the Pooh Roo
61%
J Pinocchio Jiminy Cricket
59%
L Cars Lightning McQueen
58%
C Beauty and the Beast Chip
50%
K Emperor's New Groove Kuzco
49%
V Wreck it Ralph Vanellope
47%
T Aristocats Thomas O' Malley
46%
I Coco Imelda
23%
Y Mulan Yao
23%
No matching quizzes found
Score Distribution
Percent of People with Each Score
Percentile by Number Answered
Your Score History
You have not taken this quiz